Les meilleurs scoreurs NBA en activité - Statistiques

Statistiques générales
  • Ce quiz a été pris 345 fois
    148 depuis la dernière actualisation
  • Le résultat moyen est 13 sur 20
Statistiques - réponses
Rang Equipe actuelle Joueur % Correct
1 Los Angeles Lakers LeBron James
100%
5 Golden State Warriors Stephen Curry
98%
3 Los Angeles Clippers James Harden
96%
2 Houston Rockets Kevin Durant
95%
17 Denver Nuggets Nikola Jokic
77%
8 Portland Trail Blazzers Damian Lillard
75%
4 Sacramento Kings Russell Westbrook
74%
16 Phoenix Suns Devin Booker
72%
10 Dallas Mavericks Anthony Davis
71%
12 Dallas Mavericks Kyrie Irving
71%
6 Sacramento Kings DeMar DeRozan
67%
7 Los Angeles Clippers Chris Paul
62%
11 Philadelphie 76ers Paul George
62%
9 Milwaukee Bucks Giannis Antetokounmpo
60%
18 Dallas Mavericks Klay Thompson
48%
13 Milwaukee Bucks Brook Lopez
42%
20 Minnesota Timberwolves Mike Conley
38%
19 Portland Trail Blazzers Jrue Holiday
35%
15 Chicago Bulls Nikola Vucevic
34%
14 Los Angeles Clippers Bradley Beal
25%
Aucun quiz correspondant
Distribution des résultats
% des personnes avec chaque résultat
Percentile par nombre de réponses
Votre historique - résultats
Vous n’avez pas pris ce quiz depuis la dernière actualisation